|
|
|
|
| LEADER |
00857nam a2200253 a 4500 |
| 001 |
000544715 |
| 003 |
CZ BrMZK |
| 005 |
20100809153643.0 |
| 007 |
ta |
| 008 |
000105s1982 ru f rus d |
| 040 |
|
|
|a BOA001
|b cze
|
| 080 |
|
|
|a 681.5
|2 MRF
|
| 080 |
|
|
|a 519.71
|2 MRF
|
| 100 |
1 |
|
|a Kuz'min, Vjačeslav Borisovič
|4 aut
|
| 245 |
1 |
0 |
|a Postrojenije gruppovych rešenij v prostranstvach četkich i nečetkich binarnych otnošenij /
|c Vjačeslav B. Kuz'min
|
| 260 |
|
|
|a Moskva :
|b Nauka,
|c 1982
|
| 300 |
|
|
|a 168 s.
|
| 490 |
1 |
|
|a Teorija i metody sistemnogo analiza
|
| 504 |
|
|
|a Obsahuje bibliografii
|
| 830 |
|
0 |
|a Teorija i metody sistemnogo analiza
|
| 910 |
|
|
|a BOA001
|b 2-0856.779
|
| 964 |
|
|
|a Relace binární - analýza systémová
|
| 990 |
|
|
|a BK
|
| 996 |
7 |
|
|b 2619504869
|c 2-0856.779
|l MZK
|r Sklad / do 1 hodiny
|n 0
|w 000544715
|u 000010
|a 1
|e BOA001
|j MZK50
|s A
|